Clausura del Consejo Económico de Tierra de Campos. (Record no. 82918)
[ view plain ]
| 000 -LEADER | |
|---|---|
| campo de control de longitud fija | 00798nam a2200205 i 4500 |
| 001 - NÚMERO DE CONTROL | |
| campo de control | 82918 |
| 003 - IDENTIFICADOR DE NÚMERO DE CONTROL | |
| campo de control | ES-MaACL |
| 005 - FECHA Y HORA DE LA ÚLTIMA TRANSACCIÓN | |
| campo de control | 20230906174743.0 |
| 007 - CAMPO FIJO DE DESCRIPCIÓN FÍSICA--INFORMACIÓN GENERAL | |
| campo de control de longitud fija | t| |
| 008 - DATOS DE LONGITUD FIJA--INFORMACIÓN GENERAL | |
| campo de control de longitud fija | 190405s1962 sp ||||1| spa d |
| 111 2# - ENTRADA PRINCIPAL--NOMBRE DE CONGRESO/REUNIÓN | |
| Nombre de congreso/reunión o jurisdicción como elemento de entrada | Consejo Económico de Tierra de Campos ( |
| Fecha del congreso o de la firma del tratado | 1962. |
| Sede del congreso/Lugar de la reunión | Palencia) |
| 9 (RLIN) | 166776 |
| 245 10 - MENCIÓN DEL TÍTULO | |
| Título | Clausura del Consejo Económico de Tierra de Campos. |
| 260 ## - PUBLICACIÓN, DISTRIBUCIÓN, ETC. | |
| Lugar de publicación, distribución, etc. | Madrid : |
| Nombre del editor, distribuidor, etc. | [s.n.], |
| Fecha de publicación, distribución, etc. | 1962 ( |
| Fabricante | La Hispanense Industrial) |
| 300 ## - DESCRIPCIÓN FÍSICA | |
| Extensión | 21 p.,1 lám. ; |
| Dimensiones | 29 cm. |
| 490 1# - MENCIÓN DE SERIE | |
| Mención de serie | Consejo Económico Nacional. Gabinete Técnico Programación Regional ; |
| Designación de volumen o secuencia | 1 |
| 651 #4 - PUNTO DE ACCESO ADICIONAL DE MATERIA--NOMBRE GEOGRÁFICO | |
| Nombre geográfico | Tierra de Campos (España, Comarca)- |
| Subdivisión general | Situación económica. |
| 9 (RLIN) | 166777 |
| 830 0# - PUNTO DE ACCESO ADICIONAL DE SERIE-TÍTULO UNIFORME | |
| Título uniforme | Consejo Económico Nacional. Gabinete Técnico Programación Regional ; |
| Designación de volumen o secuencia | 1 |
| 9 (RLIN) | 231611 |
| 852 ## - LOCALIZACIÓN | |
| Ubicación | ES-MaACL |
| Número de control de estantería | 2339-F-35 |
| Estatus retirado | Estado de pérdida | Estado de daño | No para préstamo | Colección | Biblioteca de origen | Biblioteca actual | Ubicación en estantería | Fecha de adquisición | Fuente de adquisición | Total de préstamos | Signatura topográfica completa | Código de barras | Visto por última vez | Precio de reemplazo | Tipo de ítem Koha |
|---|---|---|---|---|---|---|---|---|---|---|---|---|---|---|---|
| Colección de folletos | Biblioteca del Ateneo de Madrid | Biblioteca del Ateneo de Madrid | Depósito folletos | 05/04/2019 | 2339-F-35 | 1200318 | 23/02/2023 | 23/02/2023 | Folleto |
